| 000 | 00898nas a2200301 4500 | ||
|---|---|---|---|
| 001 | BR0001561 | ||
| 003 | BR-BrBNA | ||
| 005 | 20231205101757.0 | ||
| 007 | ta | ||
| 008 | 230509b bl.|||p| |||| 00| 00por d | ||
| 040 |
_aBR-BrBNA _bpor _cBiblioteca Nacional de Agricultura |
||
| 041 | _a(Pt) | ||
| 072 | _aL02 | ||
| 100 | 1 | _aZanella, I. | |
| 100 | 1 | _aCosta, P.T.C. | |
| 100 | 1 | _aOliveira, J. | |
| 100 | 1 | _aMaiorka, A. | |
| 100 | 1 | _aSantin, E. | |
| 100 | 1 | _aMagon, L. | |
| 245 | 1 | _aDiferentes intervalos de arracoamento de matrizes avicolas tipo corte na fase de recria e seus efeitos na fase produtiva | |
| 650 | _aFrango de Corte | ||
| 650 | _aArracoamento | ||
| 650 | _aGanho de Peso | ||
| 650 | _aDieta | ||
| 773 | 0 |
_tCiencia Rural (Brazil) _xISSN 0103-8478 _g(Jan-Mar 2000), v. 30(1) p. 159-162 _wBR0001561 |
|
| 909 |
_a202311 _bLúcia _c55 _dLúcia Elande |
||
| 942 |
_2AGRIS _n0 _cANA |
||
| 999 |
_c163827 _d163827 |
||